Balance-of-payments-constrained Approach: Convergence Sustainability in the Region of Central and Eastern Europe

Objasnenie prístupu platobnej bilancie s obmedzeným rastom vo vzťahu ku konvergenčným teóriám.

Guardado en:
Detalles Bibliográficos
Autor principal: Leško, Peter, 1989-
Otros Autores: Muchová, Eva, 1961-
Formato: Capítulo de libro
Lenguaje:inglés
Materias:
Etiquetas: Agregar Etiqueta
Sin Etiquetas, Sea el primero en etiquetar este registro!

MARC

LEADER 00000naa a2200000 4500
001 0262005
005 20250221081024.5
041 0 |a eng 
044 |a US 
245 1 0 |a Balance-of-payments-constrained Approach: Convergence Sustainability in the Region of Central and Eastern Europe  |c Eva Muchová, Peter Leško 
520 |a Objasnenie prístupu platobnej bilancie s obmedzeným rastom vo vzťahu ku konvergenčným teóriám. 
610 2 0 |a rast hospodársky 
610 2 0 |a bilancia platobná 
610 2 0 |a Európa 
100 1 |a Leško, Peter, 1989- 
700 1 |a Muchová, Eva, 1961-